000 00541nam a2200193 a 4500
001 1769948271037
003 YourLibrary
005 20260201175205.0
008 260201s2004##################000#0#eng##
020 _a9780387401010
082 0 4 _a332.0151922
_bSHR
100 1 _aShreve, Steven E.,
_eauthor.
245 1 0 _aStochastic Calculus for Finance II :
260 _bSpringer Science & Business Media,
_c2004.
300 _a586 pages
650 0 _aBusiness & Economics.
942 _cENGLISH
040 _aYourLibrary
_beng
_cYourLibrary
999 _c609992
_d609992